Interesting Facts Quiz - Statistics

General Stats
  • This quiz has been taken 500 times
  • The average score is 8 of 15
Answer Stats
Hint Answer % Correct
Most orange juice is actually not orange, it is this color. Yellow
86%
Most people take _________ minutes to fall asleep. Seven
83%
How many people have set foot on the moon? Twelve
83%
In 1938, Time magazine chose him as the man of the year. Adolf Hitler
79%
MLB umpires must wear this color of underwear every game. Black
70%
What animal was Walt Disney afraid of? Mice
68%
What percent of a jellyfish is water? Ninety-Five
54%
Long ago in Japan, they had contests for whoever could do this the longest and the loudest. Fart
50%
Butterflies taste with their __________. Feet
49%
Topolino is the Italian name for this Disney character. Mickey Mouse
45%
The most milk in the world is produced in what country? India
43%
How many muscles does a cat have in each ear? Thirty-Two
27%
This type of fish has no brain. Starfish
12%
There used to be restrictions about showing these on T.V. Toilets
8%
Before he was named Bugs Bunny, he was named this. Happy Rabbit
5%
No matching quizzes found
Score Distribution
Percent of People with Each Score
Percentile by Number Answered
Your Score History
You have not taken this quiz